| 000 | 00991cam a22003011 4500 | ||
|---|---|---|---|
| 001 | 18098 | ||
| 003 | BD-RjUL | ||
| 005 | 20211209000233.0 | ||
| 008 | 140219s1952 maua 001 1 eng | ||
| 035 | _a(BD-RjUL)18156 | ||
| 035 | _a(OCoLC)317951 | ||
| 040 |
_aDLC _cODaWU _dBD-RjUL _beng |
||
| 041 | _aeng | ||
| 082 | 0 | 0 |
_a808 _bFOW 1952 |
| 100 | 1 |
_aFoerster, Norman, _d1887-1972. _953806 |
|
| 245 | 1 | 0 |
_aWriting and thinking : _ba handbook of composition and revision / _cby Norman Foerster and J. M. Steadman, Jr. |
| 250 | _a5th ed., rev. | ||
| 260 |
_aBoston : _bHoughton Mifflin, _cc1952. |
||
| 300 |
_axiii, 448 p. : _billus. ; _c21 cm. |
||
| 500 | _aFirst ed. published in 1919 under title: Sentences and thinking. | ||
| 500 | _aIncludes index. | ||
| 650 | 0 |
_aEnglish language _xComposition and exercises. _925290 |
|
| 650 | 0 |
_aEnglish language _xGrammar. _955782 |
|
| 700 | 1 |
_aSteadman, J. M. _955783 |
|
| 942 |
_2ddc _cBK |
||
| 999 |
_c18098 _d18098 |
||